Statistics for Italian Cities With Biggest Population

Click here to take the quiz!

General Stats

  • This quiz has been taken 161 times
  • The average score is 8 of 10

Answer Stats

PopAnswer% Correct
2.87 millRome
99%
1.35 millMilan
99%
970000Naples
94%
886000Turin
86%
673000Palermo
86%
382000Florence
86%
583000Genoa
78%
388000Bologna
70%
324000Bari
64%
313000Catania
40%

Score Distribution

Percentile by Number Answered

Percent of People with Each Score

Your Score History

You have not taken this quiz